000 00603nam a2200229Ia 4500
003 OSt
005 20220926005548.0
006 a|||||r|||| 00| 0
007 ta
008 220923b |||||||| |||| 00| 0 eng d
037 _cGeneral Book
040 _aRTL
_cRTL
_beng
041 _2eng
_aeng
082 _aX:8v1.N7, L7
100 _aSingh R N
245 0 _aManagement thought and thinkers
260 _a New Delhi
_bSultan Chand
_c1977
300 _a286p.
_ccm.
650 _aManagement
_930681
942 _hX:8v1.N7, L7
_cGB
_2CC
999 _c614288
_d614288